[Event "Frankfurt Ch 2011"]
[Site "Ffm-Kalbach, LAZ"]
[Date "2011.05.09"]
[Round "2.1"]
[White "Benninger, Rudolf"]
[Black "Khenkin, Igor"]
[Result "0-1"]
[WhiteElo "2154"]
[BlackElo "2625"]
[PlyCount "92"]
[EventDate "2011.??.??"]
[WhiteTeam "SC Heusenstamm"]
[BlackTeam "Wiesbadener SV 1885"]

1. e4 Nf6 2. e5 Nd5 3. c4 Nb6 4. d4 d6 5. exd6 cxd6 6. Nc3 g6 7. Be3 Bg7 8. Rc1
O-O 9. b3 N6d7 10. Nf3 Nf6 11. h3 d5 12. Bd3 Nc6 13. O-O b6 14. Ne5 Bb7 15.
Nxc6 Bxc6 16. Be2 Rc8 17. Qd2 Qd7 18. Rfd1 Rfd8 19. Bg5 Qb7 20. Bxf6 Bxf6 21.
cxd5 Bxd5 22. Nxd5 Qxd5 23. Rxc8 Rxc8 24. Bc4 Qd6 25. a4 Kg7 26. d5 h5 27. a5
Rc5 28. axb6 axb6 29. Qd3 h4 30. Rd2 Ra5 31. Rd1 Be5 32. Re1 Ra2 33. Qe3 Bf6
34. Rd1 Qb4 35. Qd3 Qc5 36. Rd2 Ra1+ 37. Rd1 Ra2 38. Rd2 Ra1+ 39. Rd1 b5 40.
Rxa1 bxc4 41. Qd1 Bxa1 42. Qxa1+ c3 43. Kf1 Qb5+ 44. Ke1 Qxb3 45. Qc1 Qb2 46.
Kd1 Qxc1+ 0-1

[Event "Frankfurt Ch 2011"]
[Site "Ffm-Kalbach, LAZ"]
[Date "2011.05.09"]
[Round "2.2"]
[White "Milov, Leonid"]
[Black "Kreiling, Carsten"]
[Result "1-0"]
[WhiteElo "2541"]
[BlackElo "2129"]
[PlyCount "61"]
[EventDate "2011.??.??"]
[WhiteTeam "SC Noris-Tarrasch Nürnberg 1873"]
[BlackTeam "SVG Eppstein 1932"]

1. e4 c5 2. Nf3 d6 3. d4 cxd4 4. Nxd4 Nf6 5. Nc3 g6 6. Be3 Bg7 7. f3 O-O 8. Qd2
Nc6 9. O-O-O Nxd4 10. Bxd4 Be6 11. Kb1 Qc7 12. h4 Rfc8 13. h5 Qa5 14. hxg6 hxg6
15. a3 Rab8 16. Bd3 Bc4 17. Be3 Bxd3 18. cxd3 Rc7 19. Bh6 Bh8 20. Bg5 Bg7 21.
Bh6 Bh8 22. g4 e6 23. Bf4 e5 24. Qh2 Bg7 25. Bh6 Bh8 26. Bd2 Bg7 27. Bh6 Bf8
28. Bxf8 Kxf8 29. Qh8+ Ng8 30. Nd5 Rcc8 31. Rh7 1-0

[Event "Frankfurt Ch 2011"]
[Site "Ffm-Kalbach, LAZ"]
[Date "2011.05.09"]
[Round "2.3"]
[White "Drill, Frank"]
[Black "Poetsch, Hagen"]
[Result "0-1"]
[WhiteElo "2141"]
[BlackElo "2415"]
[PlyCount "82"]
[EventDate "2011.??.??"]
[WhiteTeam "Sfr.Neuberg"]
[BlackTeam "Sfr. Schöneck"]

1. e4 Nc6 2. d4 d5 3. Nc3 Nf6 4. e5 Nd7 5. Be3 Nb6 6. Qf3 g6 7. Nh3 Nb4 8.
O-O-O Bf5 9. g4 Bxc2 10. Rd2 Be4 11. Nxe4 dxe4 12. Qxe4 Qd5 13. Qxd5 N4xd5 14.
Rc2 h5 15. Ng5 Nxe3 16. fxe3 Bh6 17. h4 hxg4 18. Bg2 c6 19. Rf1 O-O 20. Kd2
Rad8 21. Kd3 Nd5 22. Bxd5 Rxd5 23. Rcf2 f5 24. exf6 Rxf6 25. Rxf6 exf6 26. Ne4
Rf5 27. Rxf5 gxf5 28. Nd6 f4 29. Nf5 Kh7 30. exf4 Bxf4 31. Ke4 Bc1 32. b3 Kg6
33. Ng3 Bd2 34. h5+ Kg5 35. d5 Bf4 36. h6 cxd5+ 37. Kxd5 Kxh6 38. Nf5+ Kg5 39.
Ke4 g3 40. Nd4 Kg4 41. Ne2 f5+ 0-1

[Event "Frankfurt Ch 2011"]
[Site "Ffm-Kalbach, LAZ"]
[Date "2011.05.09"]
[Round "2.4"]
[White "Telljohann, Sven"]
[Black "Holzschuh, Gerald"]
[Result "1-0"]
[WhiteElo "2415"]
[BlackElo "2139"]
[PlyCount "111"]
[EventDate "2011.??.??"]
[WhiteTeam "Sfr. Schöneck"]
[BlackTeam "SC Bad Nauheim"]

1. Nf3 c5 2. g3 d5 3. Bg2 Nc6 4. c4 d4 5. O-O e5 6. d3 f5 7. e3 Nf6 8. exd4
exd4 9. Bg5 Be7 10. Bxf6 Bxf6 11. Re1+ Be7 12. Ng5 Qd6 13. Bd5 Nd8 14. Na3 a6
15. Qh5+ Qg6 16. Qh4 Qf6 17. Re2 Kd7 18. Rae1 Bd6 19. Re6 Nxe6 20. Rxe6 Qf8 21.
Nf7 Be7 22. Rxe7+ Qxe7 23. Nxh8 Qxh4 24. gxh4 Ke7 25. Nf7 Be6 26. Bxe6 Kxe6 27.
Ng5+ Kf6 28. Nc2 b5 29. Na3 b4 30. Nb1 a5 31. Nd2 a4 32. Ndf3 h6 33. Nh3 g6 34.
Nf4 a3 35. b3 Rg8 36. Kf1 g5 37. Nd5+ Ke6 38. Ng1 Ke5 39. hxg5 hxg5 40. f4+
gxf4 41. Nf3+ Ke6 42. Kf2 Rh8 43. Ng5+ Kd7 44. h3 Kc6 45. Ne7+ Kb6 46. Nxf5 Re8
47. Ne4 Re5 48. Ng7 Re7 49. Nh5 Rf7 50. Kf3 Rf8 51. Nxf4 Kc6 52. h4 Rg8 53. Ng5
Re8 54. Nfe6 Kd6 55. h5 Ke5 56. h6 1-0

[Event "Frankfurt Ch 2011"]
[Site "Ffm-Kalbach, LAZ"]
[Date "2011.05.09"]
[Round "2.5"]
[White "Czech, Ludwig"]
[Black "Margolin, Boris"]
[Result "0-1"]
[WhiteElo "2137"]
[BlackElo "2440"]
[PlyCount "80"]
[EventDate "2011.??.??"]
[WhiteTeam "VSG 1880 Offenbach"]
[BlackTeam "SV Oberursel"]

1. c4 Nf6 2. g3 c6 3. Nf3 d5 4. b3 dxc4 5. bxc4 e5 6. Bb2 e4 7. Nd4 Bd6 8. Qc2
Qe7 9. Bg2 Na6 10. O-O O-O 11. Nc3 Re8 12. Rae1 Nc5 13. Nd1 Be5 14. Ne3 Qd6 15.
Ndf5 Bxf5 16. Nxf5 Qc7 17. Rb1 Bxb2 18. Rxb2 Qe5 19. Ne3 Rad8 20. Rd1 Re7 21.
Rbb1 g6 22. Qb2 Rd4 23. Rbc1 h5 24. h4 Kg7 25. Qa3 b6 26. Rc3 Qd6 27. Qc1 Qe6
28. Rc2 Qe5 29. Bh3 Ng8 30. Rc3 Nh6 31. Nc2 Rd8 32. Nb4 Qf6 33. Rc2 a5 34. d4
Nb7 35. Nxc6 Qxc6 36. d5 Qf6 37. Rb2 Rd6 38. e3 Nc5 39. Qb1 Na4 40. Rb3 Nc3 0-1

[Event "Frankfurt Ch 2011"]
[Site "Ffm-Kalbach, LAZ"]
[Date "2011.05.09"]
[Round "2.6"]
[White "Zude, Erik"]
[Black "Kuban, Günther"]
[Result "1-0"]
[WhiteElo "2409"]
[BlackElo "2205"]
[PlyCount "69"]
[EventDate "2011.??.??"]
[WhiteTeam "SV 1920 Hofheim"]
[BlackTeam "SV Oberursel"]

1. d4 d5 2. c4 c6 3. Nf3 e6 4. g3 Nf6 5. Bg2 Ne4 6. O-O f5 7. Nc3 Be7 8. Qc2
Nd7 9. Rb1 a5 10. a3 O-O 11. b4 Kh8 12. b5 Nd6 13. c5 Nf7 14. Na4 Qe8 15. Bf4
cxb5 16. Nc3 b4 17. Nb5 Bd8 18. axb4 axb4 19. Rxb4 Ra5 20. Rfb1 g5 21. Bd6 g4
22. Ne1 Rg8 23. Nd3 Rg6 24. Qd2 Bg5 25. Bf4 h6 26. R4b2 Ra4 27. Qd1 Rc4 28. e3
Rg8 29. Qb3 Kh7 30. Na3 Bxf4 31. gxf4 Nf6 32. Nxc4 dxc4 33. Qxc4 Ne4 34. d5
exd5 35. Qd4 1-0

[Event "Frankfurt Ch 2011"]
[Site "Ffm-Kalbach, LAZ"]
[Date "2011.05.09"]
[Round "2.7"]
[White "Bagatsch, Thomas"]
[Black "Reschke, Stefan"]
[Result "0-1"]
[WhiteElo "2116"]
[BlackElo "2369"]
[PlyCount "108"]
[EventDate "2011.??.??"]
[WhiteTeam "SC Brett vor'm Kopp Ffm"]
[BlackTeam "VSG 1880 Offenbach"]

1. e4 g6 2. c4 Bg7 3. Nc3 c5 4. f4 d6 5. Nf3 Nc6 6. Be2 e6 7. O-O Nge7 8. d3 f5
9. Be3 Nd4 10. e5 Nec6 11. Qd2 dxe5 12. fxe5 Nxe5 13. Nxe5 Bxe5 14. Bh6 Qd6 15.
Bf3 Nxf3+ 16. Rxf3 Bd7 17. a4 a6 18. Bg5 h6 19. Be3 Bxh2+ 20. Kh1 Be5 21. a5 g5
22. Re1 O-O 23. Rh3 Bg7 24. Qe2 Be8 25. Bg1 Bf7 26. Bh2 f4 27. Ne4 Qe5 28. Bg1
Rac8 29. Nxc5 Rxc5 30. Qf2 Rxa5 31. Rxe5 Rxe5 32. d4 Rf5 33. Rb3 g4 34. g3 Be8
35. d5 exd5 36. cxd5 Bf7 37. Rd3 Bxd5+ 38. Rxd5 Rxd5 39. gxf4 Rb5 40. Qg3 h5
41. b3 Rbf5 42. Be3 Re8 43. Bb6 Rd5 44. Qf2 Bc3 45. Qc2 Re1+ 46. Bg1 Bg7 47.
Kg2 Re7 48. b4 Kf7 49. Kg3 Red7 50. Bc5 Rd3+ 51. Kh4 Kg6 52. f5+ Kxf5 53. Be3
Kg6 54. Kg3 Bh6 0-1

[Event "Frankfurt Ch 2011"]
[Site "Ffm-Kalbach, LAZ"]
[Date "2011.05.09"]
[Round "2.8"]
[White "Marzahn, Heiko"]
[Black "Wornath, Kai"]
[Result "1-0"]
[WhiteElo "1984"]
[BlackElo "2408"]
[PlyCount "41"]
[EventDate "2011.??.??"]
[WhiteTeam "Sfr.Erbach"]
[BlackTeam "TSV Schott Mainz"]

1. e4 e6 2. d4 d5 3. Nc3 Nf6 4. Bg5 Bb4 5. e5 h6 6. Be3 Ne4 7. Qg4 g6 8. a3
Bxc3+ 9. bxc3 c5 10. Bd3 Qa5 11. Ne2 cxd4 12. Bxd4 Nc6 13. O-O Nc5 14. Bxg6 Rg8
15. Bxf7+ Kxf7 16. Qh5+ Ke7 17. Qxh6 Ne4 18. Nf4 Re8 19. f3 Nxc3 20. Bxc3 Qxc3
21. Nxd5+ 1-0

[Event "Frankfurt Ch 2011"]
[Site "Ffm-Kalbach, LAZ"]
[Date "2011.05.09"]
[Round "2.9"]
[White "Schramm, Christian"]
[Black "Kolker, Vladislav"]
[Result "1-0"]
[WhiteElo "2340"]
[BlackElo "2104"]
[PlyCount "111"]
[EventDate "2011.??.??"]
[WhiteTeam "SC 1959 Obernau"]
[BlackTeam "Sfr.1891 Friedberg"]

1. d4 Nf6 2. Nc3 d5 3. Bg5 e6 4. e4 Bb4 5. e5 h6 6. Bd2 Bxc3 7. bxc3 Ne4 8. Bd3
Nxd2 9. Qxd2 c5 10. Nf3 Nc6 11. O-O Qa5 12. Qe3 Qxc3 13. dxc5 d4 14. Qf4 Qxc5
15. Rab1 a6 16. a4 O-O 17. Qe4 g6 18. Qf4 Kg7 19. Qf6+ Kh7 20. Rb3 Qe7 21. Ng5+
Kg8 22. Ne4 Qxf6 23. Nxf6+ Kg7 24. f4 h5 25. Be4 Rd8 26. Rd1 Ra7 27. c3 Ne7 28.
Rxd4 Rxd4 29. cxd4 b5 30. axb5 axb5 31. Rxb5 Ra4 32. Rc5 Rxd4 33. Rc7 Kf8 34.
Kf2 Rd8 35. Nh7+ Ke8 36. Kg3 Ba6 37. Kh4 Rc8 38. Ra7 Bc4 39. Kg5 Ng8 40. Bb7
Rc7 41. Ra8+ Kd7 42. Nf8+ Ke7 43. Nxg6+ fxg6 44. Rxg8 Kf7 45. Rb8 Bd3 46. Bf3
Rd7 47. Rb4 Bf5 48. h3 Rc7 49. g4 hxg4 50. hxg4 Bd3 51. Be4 Bxe4 52. Rxe4 Ra7
53. Rb4 Rc7 54. Rb2 Ra7 55. Rh2 Kg7 56. Rh6 1-0

[Event "Frankfurt Ch 2011"]
[Site "Ffm-Kalbach, LAZ"]
[Date "2011.05.09"]
[Round "2.10"]
[White "Richter, Tobias"]
[Black "Zuyev, Igor"]
[Result "0-1"]
[WhiteElo "2099"]
[BlackElo "2348"]
[PlyCount "120"]
[EventDate "2011.??.??"]
[WhiteTeam "SV Merseburg e. V."]
[BlackTeam "SC Heusenstamm"]

1. e4 c5 2. Nf3 g6 3. d4 cxd4 4. Nxd4 Nc6 5. Nxc6 bxc6 6. Qd4 Nf6 7. e5 Nd5 8.
e6 f6 9. exd7+ Bxd7 10. Nc3 e5 11. Qc4 Qa5 12. Bd2 Rb8 13. Bd3 Nb4 14. Ne4 Be7
15. O-O Qd5 16. Bh6 Nxd3 17. cxd3 Qxc4 18. dxc4 Kf7 19. f4 Bf5 20. Rae1 exf4
21. Bxf4 Rxb2 22. Nd6+ Bxd6 23. Bxd6 Re8 24. Rxe8 Kxe8 25. Re1+ Kd7 26. Bc5 Be6
27. a3 Rc2 28. Bxa7 Bxc4 29. Rb1 Bd5 30. Rb7+ Ke6 31. Rxh7 Rxg2+ 32. Kf1 Rc2
33. Bf2 c5 34. a4 c4 35. Bd4 Rd2 36. Bc3 Rd3 37. Bb4 Bc6 38. Rc7 Kd5 39. Ke2
Bxa4 40. Rc5+ Kd4 41. Ra5 Bd1+ 42. Ke1 c3 43. Ra6 c2 44. Rd6+ Ke4 45. Rc6 g5
46. Bd2 Kf5 47. Rc5+ Kg4 48. Rc6 Rf3 49. Ba5 Kh3 50. Bc7 f5 51. Kd2 f4 52. Rh6+
Kg2 53. Be5 Rd3+ 54. Kc1 Rb3 55. Bb2 g4 56. Rg6 Kxh2 57. Rg8 g3 58. Rh8+ Kg2
59. Kd2 Rxb2 60. Ke1 f3 0-1

[Event "Frankfurt Ch 2011"]
[Site "Ffm-Kalbach, LAZ"]
[Date "2011.05.09"]
[Round "2.11"]
[White "Legde, Georg"]
[Black "Syed, Tareq"]
[Result "1-0"]
[WhiteElo "2326"]
[BlackElo "2112"]
[PlyCount "89"]
[EventDate "2011.??.??"]
[WhiteTeam "SK 1858 Gießen"]
[BlackTeam "SC Brett vor'm Kopp Ffm"]

1. d4 c6 2. Nf3 d6 3. c4 Nd7 4. g3 e5 5. Bg2 e4 6. Ng5 d5 7. cxd5 cxd5 8. O-O
Bd6 9. f3 exf3 10. Bxf3 Ngf6 11. Bxd5 Nxd5 12. Nxf7 Qe7 13. e4 O-O 14. Nxd6
Rxf1+ 15. Qxf1 Qxd6 16. exd5 Qxd5 17. Be3 Qe4 18. Bf2 Nf6 19. Nc3 Qf3 20. Re1
Bd7 21. Qc4+ Kh8 22. Qe2 Qxe2 23. Rxe2 Bc6 24. Rd2 Nd5 25. Ne4 Rd8 26. Nc5 Nf6
27. Re2 b6 28. Nd3 Bb5 29. Rd2 Ne4 30. Rd1 Rf8 31. Be1 Ng5 32. Nf4 Ne4 33. Bb4
Rf7 34. Re1 Ng5 35. Kg2 Rc7 36. Bc3 h6 37. d5 Bc4 38. h4 Nf7 39. Bxg7+ Kh7 40.
Bc3 Bxa2 41. g4 Bb3 42. Re2 Rd7 43. Kg3 Nd6 44. Nh5 Rc7 45. Re6 1-0

[Event "Frankfurt Ch 2011"]
[Site "Ffm-Kalbach, LAZ"]
[Date "2011.05.09"]
[Round "2.12"]
[White "Göbel, Andreas"]
[Black "Gohil, Harry"]
[Result "0-1"]
[WhiteElo "2032"]
[BlackElo "2302"]
[PlyCount "100"]
[EventDate "2011.??.??"]
[WhiteTeam "SC Brett vor'm Kopp Ffm"]
[BlackTeam "TSV Schott Mainz"]

1. Nf3 g6 2. c4 Bg7 3. Nc3 d6 4. d4 Nf6 5. g3 O-O 6. Bg2 Nbd7 7. O-O c6 8. Qc2
Qc7 9. b3 Re8 10. Bb2 e5 11. e3 Nf8 12. dxe5 dxe5 13. Rad1 Bf5 14. e4 Bg4 15.
h3 Bxf3 16. Bxf3 Ne6 17. Ne2 h5 18. Bg2 Rad8 19. Kh2 h4 20. Bc3 c5 21. Rxd8
Rxd8 22. Rd1 hxg3+ 23. fxg3 Nd4 24. Nxd4 exd4 25. Be1 Nd7 26. Qf2 Be5 27. Bd2
Kg7 28. Bf4 Rf8 29. Rf1 Qd6 30. Qf3 Rd8 31. Rd1 f6 32. h4 Rh8 33. Bh3 Bxf4 34.
Qxf4 Ne5 35. Kg2 a6 36. Bg4 b5 37. cxb5 axb5 38. Be2 c4 39. bxc4 bxc4 40. Bxc4
Nxc4 41. Qxd6 Nxd6 42. Rxd4 Nf7 43. Rd7 Ra8 44. g4 Rxa2+ 45. Kf3 Kf8 46. Rb7
Ne5+ 47. Kg3 Ra3+ 48. Kg2 Nxg4 49. h5 gxh5 50. Rh7 Ra5 0-1

[Event "Frankfurt Ch 2011"]
[Site "Ffm-Kalbach, LAZ"]
[Date "2011.05.09"]
[Round "2.13"]
[White "Isserman, Ryhor"]
[Black "Rondonuwu, Grover"]
[Result "1-0"]
[WhiteElo "2307"]
[BlackElo "2020"]
[PlyCount "59"]
[EventDate "2011.??.??"]
[WhiteTeam "SK Bad Homburg 1927"]
[BlackTeam "Frankfurter TV 1860"]

1. e4 c5 2. Nf3 e6 3. Nc3 Nc6 4. Bb5 Nge7 5. O-O a6 6. Bxc6 Nxc6 7. d4 cxd4 8.
Nxd4 Qc7 9. Re1 d6 10. Nxc6 Qxc6 11. Nd5 Bd7 12. Be3 O-O-O 13. Nb6+ Kb8 14. c4
Be7 15. b4 Qc7 16. Rc1 Bc6 17. Nd5 exd5 18. cxd5 Bf6 19. dxc6 bxc6 20. a4 Qb7
21. Qd3 Rhe8 22. Re2 Ka8 23. Rec2 c5 24. Rc4 d5 25. Rxc5 dxe4 26. Qc4 Be5 27.
b5 f5 28. Rc6 axb5 29. axb5 Kb8 30. Rb6 1-0

[Event "Frankfurt Ch 2011"]
[Site "Ffm-Kalbach, LAZ"]
[Date "2011.05.09"]
[Round "2.14"]
[White "Wagner, Dirk"]
[Black "Haasler, Andreas"]
[Result "1/2-1/2"]
[WhiteElo "2038"]
[BlackElo "2234"]
[PlyCount "65"]
[EventDate "2011.??.??"]
[WhiteTeam "Sfr. Frankfurt 1921"]
[BlackTeam "Sfr.Heidesheim"]

1. d4 e6 2. c4 d5 3. Nc3 Be7 4. Nf3 Nf6 5. Bg5 h6 6. Bh4 O-O 7. e3 Ne4 8. Bxe7
Qxe7 9. Rc1 Nxc3 10. Rxc3 c6 11. Be2 Nd7 12. O-O dxc4 13. Bxc4 e5 14. dxe5 Nxe5
15. Nxe5 Qxe5 16. Qe2 Bf5 17. Rd1 Rfd8 18. Rcc1 a6 19. b4 Rxd1+ 20. Qxd1 Qb2
21. Bb3 Re8 22. h3 Be6 23. Rb1 Qf6 24. Bxe6 Rxe6 25. Qd7 Rd6 26. Qxb7 Rd2 27.
Qb8+ Kh7 28. Qf4 Qxf4 29. exf4 Rxa2 30. Rc1 Ra4 31. Rxc6 Rxb4 32. Rxa6 Rxf4 33.
g3 1/2-1/2

[Event "Frankfurt Ch 2011"]
[Site "Ffm-Kalbach, LAZ"]
[Date "2011.05.09"]
[Round "2.15"]
[White "Stockmann, Michael"]
[Black "Gräbner, Walter"]
[Result "1-0"]
[WhiteElo "2255"]
[BlackElo "2053"]
[PlyCount "35"]
[EventDate "2011.??.??"]
[WhiteTeam "Sfr. Schöneck"]
[BlackTeam "SC 1961 König Nied"]

1. d4 Nf6 2. Nf3 d5 3. c4 e6 4. g3 c6 5. Bg2 Bd6 6. O-O O-O 7. Nc3 Nbd7 8. Nd2
Bc7 9. e4 dxc4 10. Nxc4 Nb6 11. b3 Nxc4 12. bxc4 Qe7 13. Qb3 Rd8 14. e5 Ne8 15.
Ba3 Qd7 16. Qb4 h6 17. Qf8+ Kh7 18. Be7 1-0

[Event "Frankfurt Ch 2011"]
[Site "Ffm-Kalbach, LAZ"]
[Date "2011.05.09"]
[Round "2.16"]
[White "Krzesinski, Paul"]
[Black "Uwira, Oliver"]
[Result "1/2-1/2"]
[WhiteElo "1832"]
[BlackElo "2244"]
[PlyCount "65"]
[EventDate "2011.??.??"]
[WhiteTeam "Frankfurter TV 1860"]
[BlackTeam "SC 1961 König Nied"]

1. e4 c5 2. Nf3 Nc6 3. d4 cxd4 4. Nxd4 Nf6 5. Nc3 e5 6. Ndb5 d6 7. Nd5 Nxd5 8.
exd5 Nb8 9. a4 Be7 10. a5 a6 11. Nc3 O-O 12. Be2 f5 13. f4 Bf6 14. O-O Nd7 15.
Qe1 b5 16. axb6 Qxb6+ 17. Qf2 Qxf2+ 18. Rxf2 Bb7 19. Ra3 e4 20. Be3 Rfc8 21.
Bf1 Bxc3 22. bxc3 Nf6 23. c4 Ng4 24. Bb6 Nxf2 25. Kxf2 a5 26. Ke3 a4 27. g3 Ra6
28. Bd4 Rc7 29. c5 dxc5 30. Be5 Rd7 31. Bxa6 Bxa6 32. Rxa4 Bb5 33. Ra5 1/2-1/2

[Event "Frankfurt Ch 2011"]
[Site "Ffm-Kalbach, LAZ"]
[Date "2011.05.09"]
[Round "2.17"]
[White "Röschlau, Bernd"]
[Black "Perlitz, Sven"]
[Result "0-1"]
[WhiteElo "2226"]
[BlackElo "2094"]
[PlyCount "58"]
[EventDate "2011.??.??"]
[WhiteTeam "SC Brett vor'm Kopp Ffm"]
[BlackTeam "SC 1961 König Nied"]

1. e4 c5 2. Nf3 Nc6 3. d4 cxd4 4. Nxd4 Nf6 5. Nc3 e5 6. Ndb5 d6 7. Bg5 a6 8.
Na3 b5 9. Nd5 Be7 10. Bxf6 Bxf6 11. c3 O-O 12. Nc2 Bg5 13. a4 bxa4 14. Rxa4 a5
15. Bb5 Ne7 16. h4 Bh6 17. Nce3 Rb8 18. c4 f5 19. exf5 Bxe3 20. Nxe3 Nxf5 21.
Ra3 Nd4 22. Qd2 Bb7 23. Qxa5 Qf6 24. Rf1 Qxh4 25. Qc3 Qe4 26. Ba4 d5 27. c5 Ba6
28. Ra1 Bxf1 29. Kxf1 Qh4 0-1

[Event "Frankfurt Ch 2011"]
[Site "Ffm-Kalbach, LAZ"]
[Date "2011.05.09"]
[Round "2.18"]
[White "Tierling, Detlef"]
[Black "Kayser, Felix"]
[Result "0-1"]
[WhiteElo "2036"]
[BlackElo "2190"]
[PlyCount "96"]
[EventDate "2011.??.??"]
[WhiteTeam "SV Griesheim(DA)"]
[BlackTeam "BSG Rheinpark"]

1. e3 c5 2. f4 g6 3. Nf3 Bg7 4. Nc3 Nf6 5. Be2 d5 6. d3 Nc6 7. O-O O-O 8. Qe1
d4 9. exd4 cxd4 10. Ne4 Nd5 11. a3 e6 12. Rb1 Nce7 13. Nf2 Nf5 14. Nd1 Qc7 15.
c4 dxc3 16. bxc3 Nxc3 17. Nxc3 Bxc3 18. Bd2 Bxd2 19. Qxd2 Qc5+ 20. Kh1 Qxa3 21.
g4 Ne7 22. f5 exf5 23. Qh6 Qc3 24. d4 Qc6 25. Rbc1 Qf6 26. g5 Qg7 27. Bc4 b5
28. Bxb5 Rb8 29. Be2 Rb2 30. Rfe1 Bb7 31. Qxg7+ Kxg7 32. Rb1 Rxb1 33. Rxb1 Be4
34. Ra1 Nc6 35. Kg1 Ra8 36. Ra4 a5 37. Nd2 Bd5 38. Nc4 Nxd4 39. Bd1 Bf3 40. Nb6
Bxd1 41. Rxd4 Ra6 42. Nd7 Bb3 43. Nc5 Rb6 44. Nd7 Rb4 45. Rd3 Rg4+ 46. Kf2 a4
47. h4 Rxh4 48. Nf6 h6 0-1

[Event "Frankfurt Ch 2011"]
[Site "Ffm-Kalbach, LAZ"]
[Date "2011.05.09"]
[Round "2.19"]
[White "Willems, Matthias"]
[Black "Minor, Samuel"]
[Result "0-1"]
[WhiteElo "2056"]
[BlackElo "2175"]
[PlyCount "96"]
[EventDate "2011.??.??"]
[WhiteTeam "SC Bad Nauheim"]
[BlackTeam "Wiesbadener SV 1885"]

1. g3 e5 2. c4 Nc6 3. Bg2 f5 4. Nc3 Nf6 5. d3 d6 6. Nf3 g6 7. O-O Bg7 8. Rb1
O-O 9. b4 h6 10. b5 Ne7 11. Qb3 g5 12. c5+ Kh8 13. cxd6 cxd6 14. Ba3 f4 15. Nd2
Nf5 16. Nc4 Re8 17. Qb4 Bf8 18. Qa4 Nd4 19. Qa5 Qd7 20. Nb6 Qc7 21. Nc4 b6 22.
Qa4 Rb8 23. Rfe1 Bg4 24. h3 Be6 25. Rbc1 Qd7 26. Kh2 g4 27. h4 f3 28. e3 Nf5
29. Bf1 Nh5 30. Nd2 Nxh4 31. gxh4 Qd8 32. Nxf3 gxf3 33. Qe4 Nf4 34. Qxf3 Qxh4+
35. Kg1 d5 36. exf4 Bxa3 37. f5 Rg8+ 38. Bg2 Rbf8 39. Rxe5 Bxc1 40. Rxe6 Rg5
41. f6 Rfg8 42. f7 Rxg2+ 43. Kf1 Rg1+ 44. Ke2 Rf8 45. Nxd5 Rxf7 46. Nf6 Rg8 47.
Qf5 Rgf8 48. Re7 Rxe7+ 0-1

[Event "Frankfurt Ch 2011"]
[Site "Ffm-Kalbach, LAZ"]
[Date "2011.05.09"]
[Round "2.20"]
[White "Schaack, Harry"]
[Black "Hierling, Stefan"]
[Result "1-0"]
[WhiteElo "2211"]
[BlackElo "2054"]
[PlyCount "39"]
[EventDate "2011.??.??"]
[WhiteTeam "Sfr. Schöneck"]
[BlackTeam "VSG 1880 Offenbach"]

1. e4 e5 2. Nf3 Nc6 3. Bc4 Be7 4. O-O Nf6 5. Re1 d6 6. h3 O-O 7. d3 h6 8. c3 a6
9. a4 b6 10. Nbd2 Nh7 11. Bd5 Bb7 12. Nf1 Ng5 13. N3h2 Qe8 14. Ng3 Bc8 15. Nf5
Bd8 16. Qh5 Kh8 17. Ng4 Nh7 18. Nxg7 Kxg7 19. Bxh6+ Kg8 20. Qg6+ 1-0

[Event "Frankfurt Ch 2011"]
[Site "Ffm-Kalbach, LAZ"]
[Date "2011.05.09"]
[Round "2.21"]
[White "Calvi, Stefan"]
[Black "Henrich, Thomas"]
[Result "0-1"]
[WhiteElo "1993"]
[BlackElo "2224"]
[PlyCount "98"]
[EventDate "2011.??.??"]
[WhiteTeam "Sfr. Frankfurt 1921"]
[BlackTeam "SK 1858 Gießen"]

1. e4 d6 2. d4 Nf6 3. Nc3 g6 4. Be3 a6 5. Qd2 b5 6. Bd3 Bb7 7. a3 Nbd7 8. d5
Bg7 9. Nf3 c5 10. dxc6 Bxc6 11. Bh6 Bxh6 12. Qxh6 Qb6 13. O-O b4 14. axb4 Qxb4
15. Qd2 O-O 16. Nd5 Nxd5 17. exd5 Qxd2 18. Nxd2 Bxd5 19. Bxa6 Rab8 20. b3 Rb4
21. Rfe1 Rd4 22. Nf3 Bxf3 23. gxf3 Nc5 24. Bf1 e6 25. Rad1 Rxd1 26. Rxd1 Rd8
27. b4 Na4 28. c4 Rb8 29. Rxd6 Rxb4 30. Kg2 Rb1 31. Ra6 Rb4 32. Kg3 Kg7 33. Ra7
Kf6 34. Rc7 Rb1 35. Bd3 Rg1+ 36. Kf4 Nb2 37. Be4 Nd1 38. Bb7 Re1 39. Kg3 Rg1+
40. Kf4 Nxf2 41. Bc6 Nd3+ 42. Ke3 Ne5 43. Be8 g5 44. c5 Rd1 45. Bb5 Rb1 46. Be2
Rb3+ 47. Kf2 Rc3 48. Rc8 h5 49. Bd1 Rxc5 0-1

[Event "Frankfurt Ch 2011"]
[Site "Ffm-Kalbach, LAZ"]
[Date "2011.05.09"]
[Round "2.22"]
[White "Chandler, Patrick"]
[Black "Pauly, Markus"]
[Result "1-0"]
[WhiteElo "2220"]
[BlackElo "1924"]
[PlyCount "113"]
[EventDate "2011.??.??"]
[WhiteTeam "Sfr. Neuberg"]
[BlackTeam "Sfr.Erbach"]

1. e4 c5 2. Nf3 Nc6 3. Bc4 e6 4. Nc3 a6 5. d4 cxd4 6. Nxd4 Qc7 7. Bb3 Nf6 8.
Nde2 Be7 9. Bf4 d6 10. O-O O-O 11. h3 Na5 12. Bh2 b5 13. Qd4 Bb7 14. Kh1 Qc6
15. f3 Rfd8 16. Qb4 Nxb3 17. axb3 Rd7 18. Qa5 Bd8 19. Qa3 Bb6 20. Rfd1 Rad8 21.
Nd4 Bxd4 22. Rxd4 Qc5 23. Rad1 Qxa3 24. bxa3 d5 25. e5 Ne8 26. Ne2 Rc8 27. R4d2
Rdc7 28. Nd4 g6 29. Bf4 Kg7 30. g4 h6 31. h4 Rc3 32. Rf2 R3c7 33. Bd2 Rd7 34.
Kg2 Kh7 35. Kg3 Ng7 36. Ba5 Rf8 37. Bb4 Re8 38. Re2 Ra8 39. Ba5 Rf8 40. Rde1
Rc8 41. Re3 Re7 42. Ra1 Rd7 43. a4 bxa4 44. Rxa4 Bc6 45. Ra2 Bb5 46. c3 Rb7 47.
Bb4 Ra8 48. Re1 Ne8 49. Rea1 Nc7 50. Bd6 Bd3 51. Rd2 Bb5 52. Bxc7 Rxc7 53. Nxb5
Rcc8 54. Rda2 Rab8 55. Nd4 Rxc3 56. Rxa6 Rb4 57. R1a4 1-0

[Event "Frankfurt Ch 2011"]
[Site "Ffm-Kalbach, LAZ"]
[Date "2011.05.09"]
[Round "2.23"]
[White "Prenzler, Daniel"]
[Black "Kulenovic, Adnan"]
[Result "1-0"]
[WhiteElo "2197"]
[BlackElo "1799"]
[PlyCount "45"]
[EventDate "2011.??.??"]
[WhiteTeam "SV Griesheim(DA)"]
[BlackTeam "SK Springer Rodenbach"]

1. e4 e5 2. Nf3 f5 3. Bc4 fxe4 4. Nxe5 Qg5 5. d4 Qxg2 6. Qh5+ g6 7. Bf7+ Kd8 8.
Bxg6 Qxh1+ 9. Ke2 c6 10. Nc3 e3 11. Nf7+ Kc7 12. Qg5 Be7 13. Qg3+ d6 14. Be4
Bg4+ 15. Qxg4 Qxh2 16. Bxe3 Qh4 17. Qxh4 Bxh4 18. Nxh8 Nd7 19. Rh1 Bf6 20. Rxh7
Ne7 21. Ng6 Nf8 22. Rxe7+ Bxe7 23. Nxe7 1-0

[Event "Frankfurt Ch 2011"]
[Site "Ffm-Kalbach, LAZ"]
[Date "2011.05.09"]
[Round "2.24"]
[White "Rutsatz, Mario"]
[Black "Meyer, Kai-Christian"]
[Result "0-1"]
[WhiteElo "1900"]
[BlackElo "2170"]
[PlyCount "82"]
[EventDate "2011.??.??"]
[WhiteTeam "vereinslos"]
[BlackTeam "Sfr. Schöneck"]

1. c4 c6 2. d4 d5 3. Nf3 Nf6 4. Nc3 a6 5. cxd5 cxd5 6. Bf4 Nc6 7. e3 e6 8. Rc1
Bd6 9. Be5 O-O 10. Bd3 Ne8 11. O-O f6 12. Bxd6 Nxd6 13. Bb1 f5 14. Na4 Bd7 15.
Nc5 b6 16. Nxd7 Qxd7 17. Qa4 b5 18. Qd1 Rfc8 19. Nd2 Na5 20. Qe2 Rc7 21. Nb3
Nxb3 22. axb3 Rac8 23. Qd2 Rxc1 24. Rxc1 Rxc1+ 25. Qxc1 Qc8 26. Qc5 Qxc5 27.
dxc5 Nb7 28. b4 Nd8 29. Kf1 Nc6 30. f3 Kf7 31. e4 fxe4 32. fxe4 d4 33. Ke2 e5
34. Ba2+ Ke7 35. Bd5 Nxb4 36. Bb7 a5 37. Kd2 Kd7 38. Bd5 Nxd5 39. exd5 e4 40.
Kc2 a4 41. Kc1 b4 0-1

[Event "Frankfurt Ch 2011"]
[Site "Ffm-Kalbach, LAZ"]
[Date "2011.05.09"]
[Round "2.25"]
[White "Koch, Markus"]
[Black "Stock, Jürgen"]
[Result "0-1"]
[WhiteElo "2111"]
[BlackElo "1948"]
[PlyCount "72"]
[EventDate "2011.??.??"]
[WhiteTeam "SC Brett vor'm Kopp Ffm"]
[BlackTeam "SC Eschborn 1974"]

1. d4 e6 2. Nf3 f5 3. g3 d5 4. Bg2 Bd6 5. c4 c6 6. O-O Nf6 7. Nc3 Nbd7 8. Qc2
Ne4 9. Rb1 O-O 10. b4 Qe8 11. b5 Qh5 12. Bf4 Bxf4 13. gxf4 Rf6 14. bxc6 bxc6
15. cxd5 exd5 16. Rb3 Rg6 17. Nxe4 fxe4 18. Ne1 Nb6 19. Rg3 Rh6 20. h3 Ba6 21.
f3 Re8 22. Rg5 Qh4 23. fxe4 dxe4 24. Re5 Rxe5 25. dxe5 Bc4 26. Qxe4 Bd5 27. Qd3
Rg6 28. e4 Bc4 29. Nf3 Qe7 30. Qc3 Bxf1 31. Kxf1 h6 32. f5 Rg3 33. Kf2 Rxf3+
34. Kxf3 Kh7 35. Kf2 Na4 36. Qxc6 Nb2 0-1